Normal view
MARC view
Entry Topical Term
001 - CONTROL NUMBER
- control field: 261547
003 - CONTROL NUMBER IDENTIFIER
- control field: OSt
005 - DATE AND TIME OF LATEST TRANSACTION
- control field: 20260413100344.0
008 - FIXED-LENGTH DATA ELEMENTS
- fixed length control field: 260413|| aca||aabn | a|a d
040 ## - CATALOGING SOURCE
- Original cataloging agency: OSt
- Transcribing agency: OSt
150 ## - HEADING--TOPICAL TERM
- Topical term or geographic name entry element: Konkani Miscellaneous
670 ## - SOURCE DATA FOUND
- Source citation: Work cat.: (OSt)214506: RICHARD REGO ರಿಚರ್ಡ್ ರೆಗೊ 261544, Suvarna karnatakant konkni lok, 2007